000 01231cam a2200205 4500
001 WB3927-05
008 030716n2003 000 0 eng u
035 _a(Sirsi) u123023
245 _aBusiness reaps benefits of weak property market
260 _c2003
490 _aRICS Press Release
_v(pr073) 15 July 2003 (2)
520 _a"RICS commercial market survey England and Wales" for the second quarter 2003 has been published, showing that the UK property market remains favourable to tenants, despite signs that the downward trend of the last three years for landlords may have reversed. Confidence is returning post September 11 and Iraq war. The London office market is improving as the performance of the stock market rallies. Copies of the market survey are available on http://www.rics.org/resources/economic_analysis/. http://www.rics.org/ricscms/bin/show?class=PressRelease&template=/includes/showpr.html&id=958
590 _aWB
650 _aMARKET SURVEYS
650 _aCOMMERCIAL TENANTS
650 _aPROPERTY-COMMERCIAL PROPERTY-OFFICE PROPERTY-OFFICE PROPERTY MARKET
650 _aPROPERTY-COMMERCIAL PROPERTY-RETAIL PROPERTY-RETAIL PROPERTY MARKET
690 _aPROPERTY-COMMERCIAL PROPERTY
942 _n0
999 _c73058
_d73058